000 00344nam a2200121Ia 4500
005 20251222143209.0
008 251222s9999||||xx |||||||||||||| ||spa||
082 _a332.6/M36
100 _aMedina Méndez, Jorge
245 0 _aGuía de Negocios e Inversión en el Perú 2013 / 2014
264 _bMinisterio de Relaciones Exteriores
942 _cLIB
999 _c13367
_d13367